| 000 | 01036cpcaa2200265 a 4500 | ||
|---|---|---|---|
| 001 | mm 80005605 | ||
| 003 | DLC | ||
| 005 | 20260227111703.0 | ||
| 008 | 800115|||||||||||| eng | ||
| 010 | _amm 80005605 | ||
| 040 |
_aDLC _cDLC _dDLC _edacs |
||
| 072 | 7 |
_aR _2lcmd |
|
| 110 | 2 | _aUnited Nations. | |
| 245 | 0 | 0 |
_aResolution on the Palestine partition, _f1947. |
| 300 |
_a1 _foversize item. |
||
| 506 | 0 | _aOpen to research. | |
| 520 | 8 | _aPhotocopy of the voting sheet on the resolution for the partition of Palestine together with typed list of signatories. | |
| 533 |
_aPositive photocopy and typewritten transcript. _b[S.l.]. |
||
| 546 | _aCollection material in English. | ||
| 580 | _aForms part of: Miscellaneous Manuscripts collection. | ||
| 651 | 0 |
_aPalestine _xHistory _y1929-1948. |
|
| 651 | 0 |
_aPalestine _xPolitics and government _y1917-1948. |
|
| 999 |
_c42764 _d42764 |
||